| 000 | 00828cam a2200289 a 4500 | ||
|---|---|---|---|
| 999 |
_c4755 _d4755 |
||
| 001 | 15570197 | ||
| 003 | OSt | ||
| 005 | 20181213125720.0 | ||
| 008 | 081229r19951976oku 000 0 eng d | ||
| 010 | _a 2008489031 | ||
| 020 | _a0892740612 | ||
| 020 | _a9780892740611 | ||
| 035 | _a(OCoLC)ocm04368995 | ||
| 040 |
_aOKO _cOKO _dBAKER _dBTCTA _dDLC |
||
| 042 | _alccopycat | ||
| 050 | 0 | 0 |
_aBT771.2 _b.C33 1995 |
| 082 |
_a234.2 _bC174T |
||
| 100 | 1 | _aCapps, Charles. | |
| 245 | 1 | 4 |
_aThe tongue, a creative force / _cby Charles Capps. |
| 260 |
_aTulsa, Okla. : _bHarrison House, _cc1995. |
||
| 300 |
_a193 p. ; _c18 cm. |
||
| 650 | 0 | _aFaith. | |
| 650 | 0 | _aConfession. | |
| 906 |
_a7 _bcbc _ccopycat _d4 _encip _f20 _gy-gencatlg |
||
| 942 |
_2ddc _cBK |
||